| 000 | 01117nac a22003011u 4500 | ||
|---|---|---|---|
| 999 |
_c9533 _d9533 |
||
| 003 | EG-ScBUE | ||
| 005 | 20210307102302.0 | ||
| 008 | 200219s1997 ii f 000 p eng d | ||
| 020 | _a817581120X | ||
| 040 |
_aEG-ScBUE _beng _erda _cEG-ScBUE _dEG-ScBUE |
||
| 082 | 0 | 4 |
_a822.4 _bMIL _222 |
| 100 | 1 |
_aMilton, John, _d1608-1674, _eauthor. |
|
| 245 | 1 | 0 |
_aSamson agonistes / _bedited with a critical introduction, notes and explanations, questions answers / _cJohn Milton ; Ramji Lall, M. A. formerly principal, Dyal Singh College, University of Delhi, New Delhi. |
| 250 | _aSixth edition. | ||
| 264 | 1 |
_aNew Delhi : _bRama Brothers Educational Publishers, _c1997. |
|
| 300 |
_ax, 370 pages ; _c24 cm |
||
| 336 |
_2rdacontent _atext _btxt |
||
| 337 |
_2rdamedia _aunmediated _bn |
||
| 338 |
_2rdacarrier _avolume _bnc |
||
| 500 | _aDistributer: Al-Ahram | ||
| 504 | _aIncludes bibliographical references. | ||
| 650 | 7 |
_aSamson (Biblical judge) _xPoetry. _2BUEsh |
|
| 651 | _2BUEsh | ||
| 653 | _bHHUUEENN | ||
| 655 |
_vReading book _934232 |
||
| 700 | 1 |
_aLall, Ramji, _eauthor. |
|
| 942 |
_cBB _k822.4MIL _2ddc |
||